000 00606nam a22002413a 4500
999 _c6862
_d6862
001 6862
003 UkOxU
005 20180303165132.0
008 500101s1947 xx j 000 1 und d
035 _aOCLC pks02744836 from D950504K
040 _aEQO
_cEQO
_dBD-JhCC
041 _aeng
082 _a813.4
_bALO 1947
100 1 _aAlcott, Louisa May,
_d1832-1888.
245 1 0 _aJo's boys /
_c Louisa May Alcott,
260 _aLond,
_c1947
300 _a304p. :
_c20cm.
490 1 _aChildren's classics
650 _aBoarding school
830 0 _aChildren's classics
942 _2ddc
_cBK